| Registos Bibliográficos associados ao registo de autoridade |
|
Etiqueta de registo: 00572cam 022001811 04500 001 135946 003 http://id.bnportugal.gov.pt/bib/catbnp/135946 005 19981122145500.0 095 ## $aPTBN00141611 100 ## $a19760601d1976 m y0pora0103 ba 101 0# $apor 102 ## $aPT 200 1# $a A "Física" de Torres Vedras$eanálise ao relatório de 1975... 210 #9 $aTorres Vedras$cAssoc. de Educação Física e Desportiva,$d[D.L. 1976] 215 ## $a8 p.$d18 cm 675 ## $a796/799$vmed$zpor$3288113 710 02 $aAssociação de Educação Física e Desportiva de Torres Vedras$32026 801 #0 $aPT$bBN$gRPC 966 ## $lBN$mFGMON$sB.A. 4467 P. 997 ## $aBIBEOD
Etiqueta de registo: 01014cas 2200289 450 001 888951 003 http://id.bnportugal.gov.pt/bib/catbnp/888951 100 ## $a19990512b19361968m y0pory01030103ba 101 0# $apor 102 ## $aPT 106 ## $ae 110 ## $acfazz 0uu0 200 1# $aBoletim da Associação de Educação Física e Desportiva de Torres Vedras 207 #1 $aA. 1, nº 1 (jan. 1936) - s. 4, nº 55 (maio 1968) 210 #9 $aTorres Vedras$cAssociação de Educação Física e Desportiva de Torres Vedras,$d1936-1968 215 ## $d29 cm 326 ## $aMensal$b1966-1968 326 ## $aPeriodicidade irregular$b1936-1958 440 #1 $100133373$aPiscinas$x[Periódicos] 620 ## $dTorres Vedras 675 ## $a796/799(469.411)(05)$vBN$zpor$3561518 712 02 $aAssociação de Educação Física e Desportiva de Torres Vedras$4650$32026 801 #0 $aPT$bBN$gRPC 966 ## $lBN$mFGJOR$sJ. 261//3 P. 966 ## $lBN$mFGJOR$sJ. 2158 V.$x1 966 ## $lBN$mFGJOR$sJ. 2371//5 B. 971 ## $cbarbara$d20220311
Etiqueta de registo: 00887cas 02200277 04500 001 33373 003 http://id.bnportugal.gov.pt/bib/catbnp/33373 100 ## $a19820801b197 1993m y0pora01030103ba 101 0# $apor 102 ## $aPT 106 ## $ar 110 ## $aahazz 0uu0 200 1# $aFísica$ejornal da Associação de Educação Física e Desportiva de Torres Vedras$fdir. António Rosa 210 #9 $aTorres Vedras$cAssociação de Educação Física e Desportiva de Torres Vedras,$d[197-]-1993 215 ## $d31 cm 303 ## $aDescrição baseada em: s. 6, nº 1 (ag. 1982) 326 ## $aTrimestral 430 #1 $1001888951$a338.48(469)"1997"(094.58) 606 ## $aPublicações de associações recreativas$2BN-P$3330188 606 ## $aDesportos$2BN-P$311266 620 ## $dTorres Vedras 675 ## $a796/799(05)$vmed$zpor$3289218 702 #1 $aRosa,$bAntónio,$f1964-$4300$376560 712 02 $aAssociação de Educação Física e Desportiva de Torres Vedras$4650$32026 801 #0 $aPT$bBN$gRPC 966 ## $lBN$mFGJOR$sJ. 2158 V.$x1 971 ## $cbarbara$d20220311
Etiqueta de registo: 00000nkm 2200025 450 001 2274309 003 http://id.bnportugal.gov.pt/bib/catbnp/2274309 100 ## $a20260302d1987 m y0pory01030103ba 101 0# $apor 102 ## $aPT 200 1# $a3.º Gimnoeste, maio 87$bVisual gráfico]$fAssociação de Educação Física e Desportiva de Torres Vedras 210 #9 $aTorres Vedras$cAssociação de Educação Física e Desportiva de Torres Vedras,$d1987$eTorres Vedras :$gTipografia A União, Lda.) 215 ## $a1 cartaz$ccolor.$d60x43 cm 317 ## $aColeção Madeira Luís 710 02 $aGimnoeste,$d3,$eTorres Vedras,$f1987$31988306 712 02 $aAssociação de Educação Física e Desportiva de Torres Vedras$32026 801 #0 $aPT$bBN$gRPC 966 ## $lBN$mICONOG$sCT. 23084 A.$x3 971 ## $cCatmusica8$d20260302 995 ## $aPRR2026
Etiqueta de registo: 00000nkm 2200025 450 001 2274619 003 http://id.bnportugal.gov.pt/bib/catbnp/2274619 100 ## $a20260303d1985 m y0pory01030103ba 101 0# $apor 102 ## $aPT 200 1# $aTiro aos Pratos, Fosso Olímpico, 1.º Grande Prémio Internacional de Santa Cruz, Praia
de Santa Cruz, Torres Vedras, 7-8-9 junho 1985$bVisual gráfico]$fGrupo Desportivo e Cultural dos Empregados do Banco Nacional Ultramarino et al. 210 #9 $a[Lisboa]$cGrupo Desportivo e Cultural dos Empregados do Banco Nacional Ultramarino,$d1985$eTorres Vedras:$gTipoeste) 215 ## $a1 cartaz$ccolor.$d49,5x33,9 cm 317 ## $aColeção Madeira Luís 710 02 $aGrande Prémio Internacional de Santa Cruz,$d1,$eSanta Cruz (Torres Vedras),$f1985$31988402 712 02 $aGrupo Desportivo e Cultural dos Empregados do Banco Nacional Ultramarino$4070$37782 712 02 $aFederação Portuguesa de Tiro com Armas de Caça$4070$37266 712 02 $aAssociação de Educação Física e Desportiva de Torres Vedras$4070$32026 801 #0 $aPT$bBN$gRPC 966 ## $lBN$mICONOG$sCT. 23100 A.$x3 971 ## $cCaticonografia1$d20260303 995 ## $aPRR2026
Etiqueta de registo: 00000nkm 2200025 450 001 2270274 003 http://id.bnportugal.gov.pt/bib/catbnp/2270274 100 ## $a20260223d1982 m y0pory01030103ba 101 0# $apor 102 ## $aPT 200 1# $aFísica, II Torneio Internacional Ginástica Desportiva Juvenil de Torres Vedras (masculina
e feminina), dias 8, 9 e 10 de abril 82$bVisual gráfico]$fA.E.F.D. Torres Vedras 210 #9 $aTorres Vedras$cAssociação de Educação Física e Desportiva de Torres Vedras,$d1982$eTorres Vedras :$gTipografia «A União», Lda.) 215 ## $a1 cartaz$ccolor.$d64,5x42,5 cm 317 ## $aColeção Madeira Luís 710 02 $aTorneio Internacional Ginástica Desportiva Juvenil de Torres Vedras,$d2,$f1982$31993279 712 02 $aAssociação de Educação Física e Desportiva de Torres Vedras$32026 801 #0 $aPT$bBN$gRPC 966 ## $lBN$mICONOG$sCT. 21574 A.$x3 971 ## $cCaticonografia6$d20260223 995 ## $aPRR2026 $d20260223$iCaticonografia6
|
|
|